Percusión /

Guardado en:
Autor Corporativo: Fundación Serveis De Cultura Popular.
Formato: Deslizar
Series:Los instrumentos musicales
Materias:
Etiquetas: Agregar Etiqueta
Sin Etiquetas, Sea el primero en etiquetar este registro!
LEADER 01097ngm a22002895g 4500
001 CEM.cems022729
008 130507b2005##################0###0#####d
005 20241114184819.0
245 1 0 |a Percusión /  |c Fundación Serveis De Cultura Popular. 
300 |a 27'. 
490 0 |a Los instrumentos musicales 
500 |a En soporte VHS, consultar en ventanilla. 
505 0 |a Características. Modos de acción. Orígenes históricos de los instrumentos de percusión. Aplicación de la música clásica y popular. Timbales, tambor, marimba, bibráfono, platillos, xilofón... Compositores y obras. 
538 |a Soporte: VHS - Norma: Pal N - Color: Si - Grabación DRD 2005 - Hitachi=0000 
110 2 |a Fundación Serveis De Cultura Popular. 
082 7 8 |/ FUN 
653 |a MUSICA 
653 |a INSTRUMENTOS MUSICALES 
653 |a PERCUSION 
653 |a TIMBALES 
653 |a TAMBOR 
653 |a PLATILLOS 
653 |a XILOFON 
653 |a MARIMBA 
653 |a NIVEL PRIMARIO 
653 |a NIVEL SECUNDARIO 
859 |a CEMS  |b BIB. CEMS - Depto. Recursos Didacticos  |h 780  |i FUN  |k DRD  |p 1372.12  |t Ej.1